Nfl cities sudden death - Statistics

General Stats
  • This quiz has been taken 346 times
  • The average score is 9 of 15
Answers on the Grid
Answers color-coded by a green-red scale on the quiz's grid according to % correct below.
Seattle
Boise
Austin
Buffalo
Salt lake city
San Francisco
Cleveland
Baltimore
Cincinnati
Columbus
Phoenix
Albuquerque
Atlanta
Nashville
Green Bay
Lincoln
Jackson
Miami
Orlando
Tampa Bay
New Orleans
Wichita
Little Rock
Madison
Laramie
Dallas
Houston
Denver
Augusta
Los Angeles
 
Answer Stats
Answer % Correct
Seattle
94%
Cincinnati
81%
Baltimore
80%
Buffalo
80%
San Francisco
78%
Cleveland
75%
Atlanta
56%
New Orleans
53%
Dallas
51%
Miami
51%
Green Bay
50%
Los Angeles
49%
Tampa Bay
46%
Houston
44%
Denver
42%
No matching quizzes found
Score Distribution
Percent of People with Each Score
Percentile by Number Answered
Your Score History
You have not taken this quiz